[Event "AUT-chT2O 9596"]
[Site "AUT"]
[Date "1996.??.??"]
[Round "8"]
[White "Blatny, Pavel"]
[Black "Haba, Petr"]
[Result "0-1"]
[WhiteElo "2515"]
[BlackElo "2455"]

1.Nf3 d5 2.d4 c6 3.Bf4 Nf6 4.h3 Qb6 5.Qc1 e6 6.Nbd2 c5 7.e3 Nc6 8.c3 Bd7
9.Bd3 Rc8 10.Qb1 cxd4 11.exd4 Na5 12.a4 Nc4 13.Nxc4 dxc4 14.Be2 Bc6 15.O-O Bd5
16.a5 Qd8 17.Nd2 Bd6 18.Bxd6 Qxd6 19.Ra4 Bxg2 20.Rxc4 Bc6 21.Bf3 O-O 22.Bxc6 Rxc6
23.Qd3 Rd8 24.Re1 Rxc4 25.Nxc4 Qa6 26.Re3 Rc8 27.b3 Nd5 28.Rf3 f6 29.Qe4 Qc6
30.Qg4 Qd7 31.Qg3 h6 32.Nd2 Qc7 33.Qg4 f5 34.Qg6 Qf7 35.Qxf7+ Kxf7 36.c4 Nb4
37.Rc3 Rd8 38.Nf3 Kf6 39.Rc1 g5 40.Rd1 a6 41.Rd2 Nc6 42.b4 Rd7 43.Kg2 h5
44.h4 g4 45.Ne5 Rxd4 46.Nd7+ Ke7 47.Rxd4 Nxd4 48.Ne5 Kd6 49.Nf7+ Kc7 50.Ne5 Nc6
51.Nd3 e5 52.Kg3 Kd6 53.Kg2 f4 54.Kf1 f3 55.Ke1 e4 56.Nf4 g3 57.fxg3 e3 58.Nd5 e2
59.Kf2 Ne5 60.Nf4 Ng4+ 61.Ke1 Ne3 62.Kf2 Ng4+ 63.Ke1 Ke5 64.c5 Ke4 65.b5 Ne3
66.Nxe2 Nc2+  0-1

[Event "Biel op MTO"]
[Site "Biel"]
[Date "1996.??.??"]
[Round "5"]
[White "Blatny, Pavel"]
[Black "Arbakov, Valentin"]
[Result "1-0"]
[WhiteElo "2490"]
[BlackElo "2510"]

1.Nf3 Nf6 2.b3 g6 3.Bb2 Bg7 4.g3 O-O 5.Bg2 d5 6.c4 dxc4 7.bxc4 c5 8.O-O Nc6
9.d3 Bf5 10.h3 Qc8 11.Kh2 Ng4+ 12.hxg4 Bxb2 13.gxf5 Bxa1 14.Bh3 Qc7 15.Nbd2 Bg7
16.Ne4 Nd4 17.Nh4 gxf5 18.Bxf5 e6 19.Bh3 f5 20.e3 fxe4 21.exd4 Rae8 22.d5 exd5
23.cxd5 exd3 24.Qxd3 c4 25.Qc2 Bf6 26.Nf5 b5 27.d6 Qc5 28.d7 Rd8 29.Qe4 Kh8
30.Qe6 c3 31.Nd6 c2 32.Ne4 c1=Q 33.Rxc1 Qxc1 34.Nxf6 Qh6 35.Ne4 Qxe6 36.Bxe6 Kg7
37.f4 Rf7 38.Nc5 Re7 39.g4 h6 40.Kg3 Kf6 41.f5 Ke5 42.Kh4 Rg7 43.Kh5 a5 44.Nd3+ Kf6
45.Nc5 a4 46.a3 Rg5+ 47.Kh4 Ke7 48.Kg3 h5 49.Kf4 Rxg4+ 50.Ke5 b4 51.f6+ Kf8
52.Bxg4 Rb8 53.Bxh5 bxa3 54.d8=Q+ Rxd8 55.Ne6+ Kg8 56.Nxd8 a2 57.Bf7+  1-0

[Event "Biel op MTO"]
[Site "Biel"]
[Date "1996.??.??"]
[Round "10"]
[White "Blatny, Pavel"]
[Black "Siebrecht, Sebastian"]
[Result "1-0"]
[WhiteElo "2490"]
[BlackElo "2390"]

1.Nf3 g6 2.d4 Bg7 3.e4 d6 4.Nc3 Nf6 5.Be2 O-O 6.O-O Bg4 7.Be3 e5 8.dxe5 dxe5
9.Nxe5 Qxd1 10.Bxd1 Bxd1 11.Raxd1 Nxe4 12.Nxg6 Nxc3 13.Ne7+ Kh8 14.bxc3 Na6
15.Rd3 Bf6 16.Nd5 Bg7 17.Nb4 Nb8 18.Bc5 Re8 19.Rfd1 b6 20.Be3 Kg8 21.Bf4 c5
22.Rd8 Nd7 23.Rxa8 Rxa8 24.Rxd7 cxb4 25.cxb4 Bc3 26.b5 Kg7 27.g4 Re8 28.Be3 Re4
29.Rxa7 Rxg4+ 30.Kf1 Rh4 31.Bxb6 Rxh2 32.Ra3 Be5 33.Re3 f6 34.a4 h5 35.a5 h4
36.Rxe5 fxe5 37.Kg1 Rh3 38.Be3  1-0

[Event "Koop Tjuchem op"]
[Site "Groningen"]
[Date "1996.??.??"]
[Round "1"]
[White "Trabert, Bettina"]
[Black "Blatny, Pavel"]
[Result "0-1"]
[WhiteElo "2225"]
[BlackElo "2490"]

1.e4 c6 2.d4 g6 3.c3 d5 4.Nd2 Nf6 5.Bd3 dxe4 6.Nxe4 Nxe4 7.Bxe4 Bg7 8.Nf3 Nd7
9.O-O O-O 10.Re1 Qc7 11.Bc2 e6 12.Qe2 c5 13.Be3 b6 14.Rad1 Bb7 15.dxc5 bxc5
16.Bg5 Nb6 17.Be4 Nd5 18.c4 Nb4 19.Bxb7 Qxb7 20.Be3 Rfc8 21.a3 Na6 22.Rd2 Rd8
23.Red1 Qc7 24.Bg5 Rxd2 25.Rxd2 Re8 26.Qd1 Nb8 27.Be3 Bf8 28.h3 Re7 29.b3 Rd7
30.Rxd7 Nxd7 31.Qd2 f6 32.Bf4 Qb7 33.Qc2 Kf7 34.Nd2 e5 35.Be3 f5 36.f3 Nb6
37.Qd3 Qd7 38.Qxd7+ Nxd7 39.Nb1 Nb8 40.Kf1 Nc6 41.Ke2 a5 42.Kd3 Nd4 43.Nd2 Ke6
44.Kc3 h5 45.Kd3 Be7 46.Bf2 Bg5 47.Be3 Bxe3 48.Kxe3 Nc2+ 49.Ke2 h4 50.a4 Kf6
51.Kf2 Kg5 52.g3 Nd4 53.Kg2 Kh5 54.Kf2 hxg3+ 55.Kxg3 g5 56.Kg2 Kh4 57.Kh2 g4
58.hxg4 fxg4 59.fxg4 Kxg4 60.Kg2 Kf4 61.Kf2 e4 62.Nf1 Nxb3 63.Ke2 Nd4+ 64.Kf2 Nf5
65.Ke2 e3 66.Kd3 Kf3 67.Nh2+ Kg3  0-1

[Event "Koop Tjuchem op"]
[Site "Groningen"]
[Date "1996.??.??"]
[Round "2"]
[White "Blatny, Pavel"]
[Black "Van de Mortel, Jan"]
[Result "1-0"]
[WhiteElo "2490"]
[BlackElo "2280"]

1.Nf3 Nf6 2.c4 g6 3.b3 Bg7 4.Bb2 O-O 5.g3 d6 6.d4 Nbd7 7.Bg2 e5 8.Nc3 exd4
9.Nxd4 Re8 10.O-O Nc5 11.Qc2 c6 12.Rad1 Qe7 13.e4 a5 14.Rfe1 h5 15.a3 h4
16.b4 axb4 17.axb4 Ne6 18.Nf3 hxg3 19.hxg3 Ng4 20.Na4 Bxb2 21.Nxb2 Ne5 22.Nh2 c5
23.f4 Nc6 24.bxc5 dxc5 25.Qf2 Ned4 26.Ra1 Be6 27.Nf1 b5 28.cxb5 Nxb5 29.Ne3 Rxa1
30.Rxa1 Ncd4 31.Rc1 Rc8 32.Nbc4 Qa7 33.g4 Nb3 34.Re1 Rd8 35.Qh4 Rd4 36.Ne5 Qa5
37.f5 Qc7 38.Nf3 Bc8 39.Nd5 Rxd5 40.exd5 Nd6 41.f6  1-0

[Event "Koop Tjuchem op"]
[Site "Groningen"]
[Date "1996.??.??"]
[Round "5"]
[White "Blatny, Pavel"]
[Black "Epishin, Vladimir"]
[Result "1/2-1/2"]
[WhiteElo "2490"]
[BlackElo "2620"]

1.Nf3 c5 2.e3 g6 3.d4 Bg7 4.c4 Nf6 5.Nc3 O-O 6.dxc5 Na6 7.Qc2 Nxc5 8.b4 Ne6
9.Bb2 a5 10.a3 axb4 11.axb4 Rxa1+ 12.Bxa1 d5 13.Be2 d4 14.Nxd4 Nxd4 15.exd4 Qxd4
16.O-O Qh4 17.Qd3 Be6 18.g3 Qh6 19.Qf3 Ng4 20.Qg2 Ne3 21.fxe3 Bxc3 22.Qe4 Qg7
23.Bxc3 Qxc3 24.c5 Rd8 25.Kf2 Rd5 26.Rd1 Qf6+ 27.Kg1 Qb2 28.Rxd5 Bxd5 29.Qxd5 Qxe2
30.Qd8+ Kg7 31.Qxe7 Qe1+ 32.Kg2 Qxb4 33.Qe5+ Kg8 34.Kf3 h5 35.Qd4 Qb1 36.Kg2  1/2-1/2

[Event "Koop Tjuchem op"]
[Site "Groningen"]
[Date "1996.??.??"]
[Round "6"]
[White "Jonkman, Harmen"]
[Black "Blatny, Pavel"]
[Result "1-0"]
[WhiteElo "2325"]
[BlackElo "2490"]

1.e4 c6 2.d4 g6 3.Nc3 d5 4.e5 h5 5.f4 Nh6 6.Nf3 Bg4 7.Be3 Nf5 8.Bf2 e6 9.Be2 Qb6
10.a3 c5 11.Na4 Qa5+ 12.c3 Bxf3 13.Bxf3 Nxd4 14.Bxd4 cxd4 15.b4 Qd8 16.c4 Bh6
17.g3 g5 18.cxd5 gxf4 19.dxe6 fxg3 20.exf7+ Ke7 21.Nc5 Be3 22.Qb3 Rh6 23.Nxb7 Qd7
24.Nc5 Qf5 25.Rf1 Bf2+ 26.Kd1 Nd7 27.hxg3 Nxc5 28.bxc5 Rb8 29.Be4 Qxe4 30.Rxf2 Rhh8
31.Qf3 Qxf3+ 32.Rxf3 Ke6 33.Rc1 Rhf8 34.c6 Kxe5 35.c7 Rbc8 36.Kd2 Kd6 37.Kd3 Rxc7
38.Rxc7 Kxc7 39.Kxd4 Kd6 40.Rf4 Ke6 41.Ke4 a5 42.a4 Ke7 43.Ke5 Rxf7 44.Rxf7+ Kxf7
45.Kf5 Kg7 46.Kg5 h4 47.Kxh4 Kh6 48.Kg4 Kg6 49.Kf4 Kh5 50.Kf5 Kh6 51.Ke5  1-0

[Event "Koop Tjuchem op"]
[Site "Groningen"]
[Date "1996.??.??"]
[Round "7"]
[White "Blatny, Pavel"]
[Black "Stefanova, Antoaneta"]
[Result "0-1"]
[WhiteElo "2490"]
[BlackElo "2365"]

1.Nf3 d5 2.b3 Nf6 3.Bb2 g6 4.c4 c6 5.g3 Bg7 6.Bg2 O-O 7.O-O Bg4 8.cxd5 cxd5
9.Ne5 Be6 10.Nc3 Nc6 11.Nxc6 bxc6 12.Na4 Qd6 13.Rc1 Bf5 14.f4 Rac8 15.Be5 Qa3
16.Rf3 Ne4 17.Re3 Bxe5 18.fxe5 Qb4 19.Bxe4 dxe4 20.Rc4 Qa5 21.g4 Bxg4 22.Rexe4 Bf5
23.Rc5 Qd8 24.Re3 Qd7 25.Rc4 Rfd8 26.d4 Qc7 27.Qe1 Be6 28.Qh4 Bxc4 29.bxc4 Qd7
30.Re4 Qf5 31.Nc3 g5 32.Qg3 Kh8 33.e6 f6 34.Kg2 Rd6 35.Qe3 Rb8 36.d5 cxd5
37.Nxd5 Rxd5 38.cxd5 Qxd5 39.Qd4 Qxd4 40.Rxd4 Rb6 41.Rd7 Rxe6 42.Rxa7 Rxe2+
43.Kf3 Rxh2 44.a4 Rh4 45.Ke3 Kg8 46.Kd3 Kf7 47.a5 Ra4 48.Kc3 g4 49.Kb3 Ra1  0-1

[Event "Hawaii op"]
[Site "Honolulu"]
[Date "1996.??.??"]
[Round "?"]
[White "Gufeld, Eduard"]
[Black "Blatny, Pavel"]
[Result "0-1"]
[WhiteElo "2445"]
[BlackElo "2515"]

1.e4 e5 2.Nf3 Nc6 3.Bb5 a6 4.Ba4 Nf6 5.O-O Be7 6.Re1 b5 7.Bb3 O-O 8.c3 d5
9.exd5 Nxd5 10.Nxe5 Nxe5 11.Rxe5 c6 12.Bxd5 cxd5 13.d4 Bd6 14.Re3 Qh4 15.h3 Qf4
16.Re5 Qf6 17.Re3 Qf4 18.Re5 Qf6 19.Re3 Qg6 20.Nd2 f5 21.Qf3 f4 22.Re1 Kh8
23.Nb3 Bf5 24.Bd2 h5 25.Qxd5 Bxh3 26.Qf3 Bg4 27.Qe4 Bf5 28.Qf3 Rad8 29.Na5 Bc8
30.Nc6 Bb7 31.d5 Bxc6 32.dxc6 Bc7 33.Rad1 Rd3 34.Qe4 Qxe4 35.Rxe4 Rf6 36.Rd4 Rd6
37.Rxd3 Rxd3 38.Kf1 Rd6 39.Ke2 Rxc6 40.Bc1 Re6+ 41.Kd3 Rd6+ 42.Ke2 Rxd1 43.Kxd1 Kh7
44.Ke2 Kg6 45.b3 Kf5 46.c4 bxc4 47.bxc4 g5 48.Ba3 Ke4 49.Bc5 Ke5 50.f3 g4
51.Bf2 Ba5 52.Kd3 Kf5 53.c5 Ke5 54.Kc4 gxf3 55.gxf3 Bd8 56.c6 Kd6 57.Kd3 Kxc6
58.Ke4 Kb5 59.Kxf4 Kb4 60.Kg3 Ka3 61.f4 Kxa2 62.f5 Kb3 63.Kh3 Kc4 64.Bh4 Bc7
65.f6 Kd5 66.Be1 Bd8 67.Kh4 Bxf6+ 68.Kxh5 Kc4 69.Ba5 Bc3 70.Bd8 Kb5 71.Kg4 Ba5
72.Bf6 Bb6 73.Bc3 Kc4 74.Be1 Bc5 75.Kf3 Bb4 76.Bh4 a5 77.Ke2 Kb3 78.Kd1 Kb2
79.Bf6+ Kb1 80.Ke2 Kc2  0-1

[Event "Hawaii op"]
[Site "Honolulu"]
[Date "1996.??.??"]
[Round "2"]
[White "Blatny, Pavel"]
[Black "Wolski, Thomas"]
[Result "1/2-1/2"]
[WhiteElo "2515"]
[BlackElo "2310"]

1.Nf3 Nf6 2.b3 g6 3.Bb2 Bg7 4.e4 d6 5.g3 O-O 6.d3 e5 7.Bg2 Nc6 8.O-O Re8
9.c4 Bg4 10.h3 Bxf3 11.Qxf3 Nd7 12.Qd1 Nc5 13.a3 a5 14.Nc3 Nd4 15.b4 Ncb3
16.Rb1 axb4 17.axb4 c6 18.Kh2 Qg5 19.f4 exf4 20.gxf4 Qh4 21.Kh1 f5 22.c5 dxc5
23.e5 cxb4 24.Na4 Rad8 25.Bxd4 Nxd4 26.Nc5 Qe7 27.Qc1 Ne2 28.Qe3 Ng3+ 29.Qxg3 Qxc5
30.Rfc1 Qd4 31.Rc4 Qxd3 32.Qxd3 Rxd3 33.Rcxb4 Bh6 34.Bf1 Rd7 35.e6 Rc7 36.Rxb7 Ree7
37.Rxc7 Rxc7 38.Bc4 Kg7 39.Rf1 Kf6 40.Kg2 Ra7 41.Kg3 Ra4 42.Bb3 Rb4 43.Ba2 Ke7
44.h4 c5 45.Rf3 Re4 46.h5 gxh5 47.Bb1 Kxe6 48.Bxe4 fxe4 49.Rc3 Kd5 50.Rc1 h4+
51.Kg4 c4 52.Rd1+ Kc5 53.Kf5 c3 54.Kxe4 Kc4 55.Rd6 Bf8 56.Rd4+ Kb3 57.Rd3 Kb2
58.Rd8 h3 59.Rb8+ Ka2 60.Kf3 h2 61.Kg2 c2 62.Rc8 Kb2 63.Rxc2+  1/2-1/2

[Event "Lazne Bohdanec"]
[Site "Lazne Bohdanec"]
[Date "1996.??.??"]
[Round "1"]
[White "Blatny, Pavel"]
[Black "Keitlinghaus, Ludger"]
[Result "0-1"]
[WhiteElo "2515"]
[BlackElo "2475"]

1.c4 Nf6 2.Nf3 c6 3.b3 d5 4.Bb2 Bg4 5.e3 e6 6.Be2 Be7 7.d3 O-O 8.Nbd2 Nbd7
9.Qc2 Bd6 10.h3 Bxf3 11.gxf3 Qe7 12.h4 Ba3 13.f4 Bxb2 14.Qxb2 e5 15.fxe5 Nxe5
16.Nf3 Nxf3+ 17.Bxf3 Rad8 18.d4 Qe6 19.c5 Qf5 20.Ke2 Rde8 21.Rag1 h6 22.Qb1 Ne4
23.Qd3 Re6 24.Rh2 Rg6 25.Rhg2 Re8 26.b4 Ree6 27.Rxg6 fxg6 28.Rg2 Rf6 29.Bxe4 dxe4
30.Qb3+ Kh7 31.Kf1 Qf3 32.Kg1 Qh5 33.b5 Qxh4 34.bxc6 bxc6 35.Qb8 Qh5 36.Qb1 Qf3
37.Qc2 Qf5 38.Rg3 h5 39.f4 exf3 40.Qxf5 gxf5 41.Rxf3 g5 42.e4 Kg6 43.e5 Rf7
44.Ra3 Rc7 45.Ra6 Kf7 46.d5 cxd5 47.Rf6+ Ke7 48.Rxf5 Rxc5 49.Rxg5 Ke6 50.Rxh5 Ra5
51.Rh2 Kxe5 52.Kf1 Ke4 53.Ke1 d4 54.Kd1 Ra3 55.Rg2 Kd5 56.Rh2 a5 57.Rg2 a4
58.Rh2 Kc4 59.Rg2 Rh3 60.Rc2+ Kd3 61.Rd2+ Kc4 62.Rc2+ Kb4 63.Rb2+ Kc3 64.Rc2+ Kd3
65.Rd2+ Kc4 66.Rg2 Kd5 67.Rf2 Rh1+ 68.Kc2 Kc4 69.Kb2 Rh3 70.Rc2+ Kb4 71.Rc8 Rh2+
72.Kb1 Ka3 73.Rc4 Rb2+ 74.Kc1 Rb4 75.Rc2 Rb6 76.Rc4 Rb4 77.Rc2 d3 78.Rc3+ Kxa2
79.Rxd3 Rc4+ 80.Kd1 Kb1 81.Rd8 Rb4 82.Rd3 Rb3  0-1

[Event "Lazne Bohdanec"]
[Site "Lazne Bohdanec"]
[Date "1996.??.??"]
[Round "2"]
[White "Blatny, Pavel"]
[Black "Vokac, Marek"]
[Result "1-0"]
[WhiteElo "2515"]
[BlackElo "2455"]

1.e4 c5 2.b3 Nc6 3.Bb2 d6 4.g3 Nf6 5.Bg2 e5 6.Ne2 Be7 7.O-O O-O 8.f4 exf4
9.gxf4 d5 10.e5 Ne8 11.d4 Bg4 12.Nd2 cxd4 13.Nf3 f6 14.Qd3 fxe5 15.Nxe5 Bf5
16.Qd1 Nf6 17.Nxd4 Nxd4 18.Bxd4 Rc8 19.c4 dxc4 20.Bxb7 c3 21.Bxc8 Qxc8 22.Qf3 Be4
23.Qe2 Rd8 24.Be3 Bd5 25.Rad1 Ba3 26.Nc4 Bf8 27.Bxa7 Re8 28.Ne5 Bc5+ 29.Bxc5 Qxc5+
30.Qf2 Qc8 31.Rd3 Ba8 32.Qd4 Qb7 33.Rff3 h6 34.Qc4+ Kh7 35.Rxc3 Qa7+ 36.Qc5 Qxa2
37.Qf2 Qb1+ 38.Qf1 Qf5 39.Rfe3 Ne4 40.Rc7 Rxe5  1-0

[Event "Lazne Bohdanec"]
[Site "Lazne Bohdanec"]
[Date "1996.??.??"]
[Round "5"]
[White "Babula, Vlastimil"]
[Black "Blatny, Pavel"]
[Result "1-0"]
[WhiteElo "2540"]
[BlackElo "2515"]

1.d4 d5 2.c4 e6 3.Nc3 Bb4 4.e3 Nf6 5.Bd3 O-O 6.Nf3 Nc6 7.O-O dxc4 8.Bxc4 Bd6
9.Bb5 e5 10.Bxc6 exd4 11.exd4 bxc6 12.Bg5 h6 13.Bh4 Bg4 14.h3 Bh5 15.g4 Bg6
16.Ne5 c5 17.f4 cxd4 18.Qxd4 Bxe5 19.Qxd8 Rfxd8 20.fxe5 Rd3 21.exf6 Rxh3
22.Kg2 Rxh4 23.Kg3 Bd3 24.Kxh4 Bxf1 25.Rxf1 Rb8 26.b3 g6 27.Kg3 c6 28.Rd1 Re8
29.Kf4 g5+ 30.Kf5 Re3 31.Ne4 Rf3+ 32.Ke5 Rf4 33.Rd8+ Kh7 34.Rf8  1-0

[Event "Lazne Bohdanec"]
[Site "Lazne Bohdanec"]
[Date "1996.??.??"]
[Round "10"]
[White "Blatny, Pavel"]
[Black "Kogan, Artur"]
[Result "0-1"]
[WhiteElo "2515"]
[BlackElo "2485"]

1.e4 e5 2.Nf3 Nc6 3.Bc4 Nf6 4.d3 Bc5 5.c3 a6 6.b4 Ba7 7.O-O d6 8.Be3 O-O
9.a4 Ne7 10.Bg5 Ng6 11.Nh4 Bg4 12.Qd2 Nxh4 13.Bxh4 Nxe4 14.Bxd8 Nxd2 15.Bxc7 Nxf1
16.Kxf1 Rac8 17.Bxd6 Rfd8 18.Be7 Rd7 19.Bc5 Bxc5 20.bxc5 Rxc5 21.Nd2 Bf5
22.Ke2 Bxd3+ 23.Bxd3 Rcd5 24.Nc4 Rxd3 25.Nxe5 Rd2+ 26.Ke1 Rd8 27.Rb1 Ra2
28.Rxb7 Rxa4 29.f3 Ra2 30.Nxf7 Re8+ 31.Kf1 Ree2 32.Ng5 Reb2  0-1

[Event "New York op"]
[Site "New York"]
[Date "1996.??.??"]
[Round "2"]
[White "Belakovskaia, Anjelina"]
[Black "Blatny, Pavel"]
[Result "1/2-1/2"]
[WhiteElo "2315"]
[BlackElo "2515"]

1.d4 Nf6 2.c4 e5 3.dxe5 Ng4 4.Bf4 Nc6 5.Nf3 Bb4+ 6.Nbd2 Qe7 7.e3 Ngxe5 8.Nxe5 Nxe5
9.Be2 O-O 10.O-O Ng6 11.Bg3 Bd6 12.Bxd6 Qxd6 13.Nb3 Qe7 14.c5 Rd8 15.Rc1 d6
16.c6 b6 17.Nd4 Rf8 18.Rc3 Nh4 19.f4 a5 20.Qd2 g6 21.Bd3 Kh8 22.Qf2 a4 23.Nb5 Nf5
24.e4 Ng7 25.f5 Ne8 26.f6 Qe5 27.Na3 Be6 28.Qh4 Ra5 29.Bc4 Qd4+ 30.Kh1 Rh5
31.Qf4 g5 32.Qe3 Qe5 33.Qg3 Rh6 34.Qxe5 dxe5 35.Bxe6 fxe6 36.f7 Nd6 37.Nc4 Nxe4
38.Re3 Nc5 39.Nxe5 Kg7 40.Ref3 Rh4 41.g4 h5 42.gxh5 Ne4 43.Ng6 Nd2 44.Nxh4 Nxf1
45.Ng6 Rxf7 46.Rxf7+ Kxf7 47.Ne5+ Kg8 48.Nc4 b5 49.Nd6 Ne3 50.Nxb5 Nd5 51.b3 axb3
52.axb3 Kh7 53.Nd4 Kh6 54.Nxe6 Kxh5 55.Nc5 Nb4 56.Ne6 Nd5 57.Nc5 Nb4 58.Ne6  1/2-1/2

[Event "Komercni Banka op"]
[Site "Pardubice"]
[Date "1996.??.??"]
[Round "1"]
[White "Kacirek, Petr"]
[Black "Blatny, Pavel"]
[Result "0-1"]
[WhiteElo "2260"]
[BlackElo "2490"]

1.e4 c6 2.d4 g6 3.c3 d5 4.Nd2 Bg7 5.h3 dxe4 6.Nxe4 Nd7 7.Nf3 Ngf6 8.Bd3 Nxe4
9.Bxe4 O-O 10.O-O c5 11.Bg5 h6 12.Be3 Nf6 13.Bc2 c4 14.Qd2 Kh7 15.Ne5 Qd5
16.b3 b5 17.Qe2 Ne4 18.bxc4 bxc4 19.Bxh6 Nxc3 20.Qh5 Bxh6 21.Bxg6+ Kg7 22.Bxf7 Qd6
23.Qf3 Qf6 24.Qxa8 Bxh3 25.Qc6 Qxc6 26.Nxc6 Bd7 27.Ne5 Ne2+ 28.Kh1 Bf4 29.g3 Bxe5
30.Bxc4 Rh8+ 31.Kg2 Bh3+ 32.Kf3 Nxd4+ 33.Ke4 Kf6 34.f4 Bf5+ 35.Kd5 Rd8+ 36.Kc5 Rc8+
37.Kb4 Nc2+  0-1

[Event "Komercni Banka op"]
[Site "Pardubice"]
[Date "1996.??.??"]
[Round "2"]
[White "Blatny, Pavel"]
[Black "Jugelt, Tobias"]
[Result "1-0"]
[WhiteElo "2490"]
[BlackElo "2375"]

1.Nf3 d5 2.b3 Nf6 3.g3 Bg4 4.Bg2 Nbd7 5.Bb2 e6 6.d3 Bb4+ 7.Nbd2 O-O 8.a3 Bd6
9.h3 Bxf3 10.Bxf3 Qe7 11.e4 c6 12.Qe2 e5 13.Nf1 d4 14.g4 Nc5 15.Ng3 Rfc8
16.Nf5 Qc7 17.Bc1 Ne6 18.h4 b5 19.g5 Ne8 20.Qf1 c5 21.Be2 Nf4 22.Bxf4 exf4
23.Qh3 Qa5+ 24.Kf1 Rc7 25.h5 Be5 26.g6 Qc3 27.Ra2 Rb8 28.Rg1 Rb6 29.Nh6+ gxh6
30.gxh7+ Kh8 31.Rg8+ Kxh7 32.Rxe8 Bf6 33.Bf3 Kg7 34.Qf5 Qd2 35.Qg4+ Bg5 36.e5 Qc1+
37.Kg2 Qb1 38.Qf5 Re6 39.Ra8 Rce7 40.Be4 Rxe5 41.Rg8+  1-0

[Event "Komercni Banka op"]
[Site "Pardubice"]
[Date "1996.??.??"]
[Round "3"]
[White "Minasian, Ara"]
[Black "Blatny, Pavel"]
[Result "0-1"]
[WhiteElo "2425"]
[BlackElo "2490"]

1.e4 c6 2.d4 g6 3.Nc3 d5 4.h3 Bg7 5.Nf3 Nf6 6.e5 Nfd7 7.Bf4 Nf8 8.Qd2 h6
9.Bd3 b6 10.O-O-O Ba6 11.h4 Bxd3 12.Qxd3 Qc8 13.h5 g5 14.Be3 a5 15.Nh2 Na6
16.f4 Nb4 17.Qe2 gxf4 18.Bxf4 Ne6 19.Be3 c5 20.Qb5+ Qc6 21.Qxc6+ Nxc6 22.Nxd5 cxd4
23.Bf2 b5 24.Nf3 Rd8 25.Nb6 Nxe5 26.Nxd4 Nxd4 27.Bxd4 Nd3+ 28.Rxd3 Bxd4 29.Nd5 Rxd5
30.c3 Rg8 31.cxd4 Rxg2 32.Rhh3 a4 33.a3 Rg4 34.Rhg3 Rxg3 35.Rxg3 Rxd4 36.Rg8+ Kd7
37.Rh8 Rd6 38.Kc2 e5 39.Kc3 e4 40.Rg8 e3  0-1

[Event "Komercni Banka op"]
[Site "Pardubice"]
[Date "1996.??.??"]
[Round "4"]
[White "Blatny, Pavel"]
[Black "Stripunsky, Alexander"]
[Result "1-0"]
[WhiteElo "2490"]
[BlackElo "2440"]

1.Nf3 d5 2.b3 Bg4 3.e3 Nd7 4.Bb2 Ngf6 5.d3 e5 6.h3 Bxf3 7.Qxf3 Bb4+ 8.c3 Bd6
9.Nd2 Qe7 10.a4 e4 11.Qd1 Ne5 12.d4 Ng6 13.Qc1 O-O 14.Ba3 c5 15.Be2 Rac8
16.Qb2 Nd7 17.g3 Rc7 18.c4 f5 19.cxd5 cxd4 20.Bxd6 Qxd6 21.Qxd4 Nf6 22.Nc4 Qxd5
23.Qxa7 Qf7 24.Qa5 Qe7 25.Rd1 Rc5 26.Qb6 Rc6 27.Qd4 h5 28.Nd6 h4 29.Nxf5 Qc7
30.g4 Ne5 31.g5 Nf3+ 32.Bxf3 Qa5+ 33.b4 Qxf5 34.Bg2 Qxg5 35.Bxe4 Nxe4 36.Qxe4 Qf6
37.Qd5+ Kh7 38.Qh5+ Kg8 39.Qd5+ Kh7 40.O-O Qe7 41.Rd4 Rg6+ 42.Kh1 Re6 43.Qc4 Rh6
44.Re4 Qd7 45.Rg4 Kh8 46.b5 b6 47.Qd4 Qe7 48.Rfg1 Qb7+ 49.R1g2 Rff6 50.Re4 Qc8
51.Rgg4 Rfg6 52.Kh2 Rxg4 53.Rxg4 Qc7+ 54.Kg2 Qe7 55.Qe4 Qd8 56.Qe5 Qd7 57.Kh2 Qf7
58.Rf4 Qd7 59.Rf8+ Kh7 60.Qf5+ Qxf5 61.Rxf5  1-0

[Event "Komercni Banka op"]
[Site "Pardubice"]
[Date "1996.??.??"]
[Round "6"]
[White "Blatny, Pavel"]
[Black "Rodin, Mihail"]
[Result "0-1"]
[WhiteElo "2490"]
[BlackElo "2430"]

1.Nf3 d5 2.b3 Nf6 3.g3 Bg4 4.Bg2 Nbd7 5.Bb2 e6 6.d3 Bd6 7.Nbd2 c6 8.h3 Bh5
9.O-O Qe7 10.a4 O-O 11.a5 Rfd8 12.Nd4 c5 13.Nb5 Be5 14.d4 cxd4 15.Ba3 Qe8
16.f4 Bb8 17.a6 bxa6 18.Nxd4 Nb6 19.N2f3 e5 20.fxe5 Bxe5 21.g4 Bg6 22.Nxe5 Qxe5
23.Nc6 Qe3+ 24.Kh2 Re8 25.Qd4 Qe6 26.Qc5 Kh8 27.Ne7 Qe5+ 28.Kg1 Be4 29.Nc6 Qc7
30.Nd4 Qg3 31.Nf3 Rac8 32.Qd6 Qxd6 33.Bxd6 Rxc2 34.g5 Nfd7 35.Rf2 f6 36.Rxa6 Nc8
37.Bf4 Nc5 38.Ra3 Ne6 39.Bg3 fxg5 40.Ne5 Bxg2 41.Rxg2 Nd4 42.b4 h6 43.Rf2 Rxe2
44.Rd3 Re4 45.Kf1 Kg8 46.Nd7 Ne7 47.Nc5 Nef5 48.Kg2 Re3 49.Rfd2 Rxd3 50.Nxd3 Nb3
51.Rb2 Re3 52.Rxb3 Rxg3+ 53.Kh2 Re3 54.Nc5 Rxb3 55.Nxb3 Kf7 56.Kg2 Ke6 57.Kf3 Ke5
58.Nc5 Kd4 59.Kg4 g6 60.Nd7 Ke3 61.Ne5 Ne7 62.b5 d4  0-1

[Event "Komercni Banka op"]
[Site "Pardubice"]
[Date "1996.??.??"]
[Round "8"]
[White "Blatny, Pavel"]
[Black "Dittmar, Peter"]
[Result "1-0"]
[WhiteElo "2490"]
[BlackElo "2390"]

1.Nf3 d5 2.b3 c6 3.g3 Bg4 4.Bg2 Nd7 5.Bb2 Ngf6 6.d3 e6 7.Nbd2 Be7 8.h3 Bh5
9.e4 O-O 10.Qe2 a5 11.g4 Bg6 12.a4 Ne8 13.O-O Nc7 14.Rae1 Rc8 15.Ne5 Nxe5
16.Bxe5 Na6 17.f4 f6 18.Bb2 Bc5+ 19.d4 Bb6 20.Kh1 Bf7 21.e5 fxe5 22.dxe5 Bg6
23.Rf3 Bxc2 24.f5 exf5 25.e6 Qe7 26.Nc4 dxc4 27.Qxc2 fxg4 28.Rf7 Rxf7 29.exf7+ Qxf7
30.Qe4 Nc5 31.Qxg4 Rd8 32.Rf1 Qd7 33.Qxc4+ Qe6 34.Qc3 Qg6 35.b4 axb4 36.Qxb4 Ba7
37.Bd4 Qd6 38.Qc4+ Kh8 39.Rf7  1-0

[Event "Komercni Banka op"]
[Site "Pardubice"]
[Date "1996.??.??"]
[Round "9"]
[White "Blatny, Pavel"]
[Black "Mirumian, Vigen"]
[Result "1-0"]
[WhiteElo "2490"]
[BlackElo "2430"]

1.Nf3 Nf6 2.b3 g6 3.Bb2 Bg7 4.g3 O-O 5.Bg2 d5 6.c4 c6 7.O-O Bg4 8.d3 Nbd7
9.Nbd2 a5 10.Rb1 Qb8 11.cxd5 cxd5 12.Nd4 e5 13.Nb5 Ra6 14.h3 Be6 15.e4 Rb6
16.Nc3 dxe4 17.dxe4 Rc8 18.Nd5 Nxd5 19.exd5 Bf5 20.Rc1 Bd3 21.Re1 a4 22.Re3 Ba6
23.Rxc8+ Qxc8 24.Rc3 Qd8 25.Qc1 Nf8 26.Rc8 Qd7 27.Ba3 Rd6 28.Ne4  1-0

[Event "Kottnauer mem"]
[Site "Prague"]
[Date "1996.??.??"]
[Round "1"]
[White "Stohl, Igor"]
[Black "Blatny, Pavel"]
[Result "1/2-1/2"]
[WhiteElo "2515"]
[BlackElo "2515"]

1.d4 Nf6 2.c4 e5 3.dxe5 Ng4 4.Bf4 Nc6 5.Nf3 Bb4+ 6.Nbd2 Qe7 7.e3 Ngxe5 8.Nxe5 Nxe5
9.Be2 O-O 10.O-O Ng6 11.Bg3 Bd6 12.Bxd6 Qxd6 13.Ne4 Qe5 14.Nc3 b6 15.Qd5 Ba6
16.Qxe5 Nxe5 17.Nd5 c6 18.Nc7 Bxc4 19.Bxc4 Rac8 20.Nd5 cxd5 21.Bxd5 Rc2 22.Rab1 Rfc8
23.Rfd1 Kf8 24.Bb3 R2c7 25.Kf1 Ke7 26.Ke2 Nc6 27.Rd2 Na5  1/2-1/2

[Event "Kottnauer mem"]
[Site "Prague"]
[Date "1996.??.??"]
[Round "3"]
[White "Blatny, Pavel"]
[Black "Hort, Vlastimil"]
[Result "1-0"]
[WhiteElo "2515"]
[BlackElo "2550"]

1.Nf3 c5 2.b3 b6 3.Bb2 Bb7 4.e3 Nf6 5.g3 g6 6.Bg2 Bg7 7.c4 O-O 8.O-O e6 9.d3 d5
10.Nc3 Nc6 11.Qd2 Qe7 12.cxd5 exd5 13.Rfe1 Rfd8 14.Rad1 Rac8 15.Qc1 Ba6 16.Bh3 Rb8
17.d4 Bc8 18.Bg2 Bf5 19.Ne5 Nb4 20.a3 Rbc8 21.axb4 cxb4 22.Nc6 Qd6 23.Nxd5 Nxd5
24.Bxd5 Bd7 25.Bxf7+ Kf8 26.d5 Bxb2 27.Qxb2 Kxf7 28.Nxd8+ Rxd8  1-0

[Event "Kottnauer mem"]
[Site "Prague"]
[Date "1996.??.??"]
[Round "6"]
[White "Blatny, Pavel"]
[Black "Stohl, Igor"]
[Result "0-1"]
[WhiteElo "2515"]
[BlackElo "2515"]

1.Nf3 Nf6 2.b3 g6 3.Bb2 Bg7 4.c4 c5 5.g3 d6 6.Bg2 e5 7.O-O O-O 8.e3 Nc6 9.Nc3 Bf5
10.d3 Qd7 11.Ng5 Ne8 12.e4 Bg4 13.f3 Be6 14.Nxe6 Qxe6 15.Nd5 Qd7 16.f4 exf4
17.Bxg7 Kxg7 18.Rxf4 f6 19.Qd2 Nc7 20.Bh3 Qd8 21.Ne3 Nd4 22.Raf1 h5 23.R4f2 Qe7
24.Ng2 Qe5 25.Nf4 Rf7 26.g4 h4 27.g5 Raf8 28.gxf6+ Rxf6 29.Bg4 Ne8 30.Qe3 Kh7
31.Nd5 Rxf2 32.Rxf2 Nf6 33.Qh3 Qg5 34.Ne3 Kg7 35.Kf1 Nh7 36.Rxf8 Nxf8 37.Kf2 Qf4+
38.Kg2 Nh7 39.Bd1 Nf6 40.a4 g5 41.Kg1 Kf7 42.a5 Ke7 43.Kg2 Kd8 44.Kg1 Nc6
45.a6 bxa6 46.Kg2 Nd4 47.Kg1 Kc7 48.Kg2 Nc6 49.Bh5 Nxh5 50.Nd5+ Kd8 51.Qe6 Qf8
52.e5 Nd4 53.Qg4 Nf4+  0-1

[Event "Kottnauer mem"]
[Site "Prague"]
[Date "1996.??.??"]
[Round "8"]
[White "Hort, Vlastimil"]
[Black "Blatny, Pavel"]
[Result "1/2-1/2"]
[WhiteElo "2550"]
[BlackElo "2515"]

1.d4 d5 2.c4 e6 3.Nc3 Bb4 4.e3 Nf6 5.Bd3 Nc6 6.Nf3 dxc4 7.Bxc4 O-O 8.O-O Bd6
9.h3 a6 10.a3 e5 11.Qc2 h6 12.b4 exd4 13.exd4 b5 14.Bb3 Ne7 15.Ne5 Bb7 16.Qa2 Qe8
17.Re1 a5 18.Bf4 Bxe5 19.Bxe5 Qc6 20.d5 Nexd5 21.Nxd5 Nxd5 22.Bxd5  1/2-1/2

[Event "Carl Schlechter mem"]
[Site "Vienna"]
[Date "1996.??.??"]
[Round "1"]
[White "Blatny, Pavel"]
[Black "Bawart, Markus"]
[Result "1-0"]
[WhiteElo "2490"]
[BlackElo "2255"]

1.Nf3 c5 2.b3 Nc6 3.Bb2 f6 4.e4 Nh6 5.d4 cxd4 6.Nxd4 e6 7.Be2 Bb4+ 8.c3 Bc5
9.Bh5+ g6 10.Be2 Nxd4 11.cxd4 Qa5+ 12.Qd2 Qxd2+ 13.Nxd2 Bb4 14.a3 Be7 15.e5 Nf7
16.O-O-O b6 17.exf6 Bxf6 18.Ne4 Bg7 19.d5 e5 20.f4 Bh6 21.g3 d6 22.Bb5+ Ke7
23.Bc6 Bf5 24.Bxa8 Bxe4 25.Rhe1 Rc8+ 26.Bc6 Bf5 27.Bc3 Kf8 28.Kb2 exf4 29.Bf6 f3
30.Rf1 Bg7 31.Bxg7+ Kxg7 32.Rxf3 Bg4 33.Rxf7+ Kxf7 34.Rf1+ Kg7 35.Re1 Rf8
36.Kc3 Rf3+ 37.Kb4 Kf6 38.a4 Rf2 39.h3 Bxh3 40.Rh1 Bf1 41.Rxh7 a5+ 42.Ka3 Rf3
43.Rb7 Rxg3 44.Rxb6 Ke5 45.Bb5 Bd3 46.Ra6 Bxb5 47.axb5 Kxd5 48.Ka4 g5 49.Rc6 Rf3
50.Rc8 g4 51.b6 Rf7 52.Rc7 Rf8 53.b7 Rb8 54.Kb5 g3 55.Rg7 g2 56.Kb6  1-0

[Event "Carl Schlechter mem"]
[Site "Vienna"]
[Date "1996.??.??"]
[Round "2"]
[White "Neumeier, Klaus"]
[Black "Blatny, Pavel"]
[Result "0-1"]
[WhiteElo "2280"]
[BlackElo "2490"]

1.e4 c6 2.d4 g6 3.Nc3 d5 4.e5 h5 5.f4 Nh6 6.Nf3 Bg4 7.Be3 Nf5 8.Bf2 e6 9.Be2 Qb6
10.Qd2 Qxb2 11.Rb1 Qa3 12.O-O Bxf3 13.Bxf3 b5 14.Rxb5 Bb4 15.Rxb4 Qxb4 16.Rb1 Qa5
17.Be1 Qc7 18.Na4 Nd7 19.Qc3 O-O 20.Nc5 Nxc5 21.Qxc5 Rfb8 22.Rxb8+ Rxb8 23.Be2 Rb1
24.Kf2 Qb6 25.Qxb6 axb6 26.Bc3 c5 27.dxc5 bxc5 28.a4 c4 29.a5 Rc1  0-1